Shortages Under Free Prices : The Case of Ukraine in 1992 /

This paper examines the coexistence of free prices and shortages for a range of consumer goods in Ukraine during 1992. Enterprises making consumer goods were substantially free to set market-clearing prices. Yet, Ukraine's official consumer market experienced continued shortages, while the same...

Descrizione completa

Dettagli Bibliografici
Autore principale: Lane, Timothy
Altri autori: Ossowski, Rolando, Sundakov, Alexander
Natura: Periodico
Lingua:English
Pubblicazione: Washington, D.C. : International Monetary Fund, 1994.
Serie:IMF Working Papers; Working Paper ; No. 1994/010
Soggetti:
Accesso online:Full text available on IMF
LEADER 01951cas a2200277 a 4500
001 AALejournalIMF009073
008 230101c9999 xx r poo 0 0eng d
020 |c 5.00 USD 
020 |z 9781451926606 
022 |a 1018-5941 
040 |a BD-DhAAL  |c BD-DhAAL 
100 1 |a Lane, Timothy. 
245 1 0 |a Shortages Under Free Prices :   |b The Case of Ukraine in 1992 /  |c Timothy Lane, Rolando Ossowski, Alexander Sundakov. 
264 1 |a Washington, D.C. :  |b International Monetary Fund,  |c 1994. 
300 |a 1 online resource (28 pages) 
490 1 |a IMF Working Papers 
500 |a <strong>Off-Campus Access:</strong> No User ID or Password Required 
500 |a <strong>On-Campus Access:</strong> No User ID or Password Required 
506 |a Electronic access restricted to authorized BRAC University faculty, staff and students 
520 3 |a This paper examines the coexistence of free prices and shortages for a range of consumer goods in Ukraine during 1992. Enterprises making consumer goods were substantially free to set market-clearing prices. Yet, Ukraine's official consumer market experienced continued shortages, while the same goods traded at higher prices in parallel markets. The paper advances a model of enterprise behavior in an environment of central allocation of inputs at preferential prices. We show that central allocation of key inputs according to perceived 'need' creates incentives for excess demand to be perpetuated despite formal price liberalization. The analysis brings forth the importance of abolishing allocation mechanisms for price liberalization to bring its full efficiency effects. 
538 |a Mode of access: Internet 
651 7 |a Ukraine  |2 imf 
700 1 |a Ossowski, Rolando. 
700 1 |a Sundakov, Alexander. 
830 0 |a IMF Working Papers; Working Paper ;  |v No. 1994/010 
856 4 0 |z Full text available on IMF  |u http://elibrary.imf.org/view/journals/001/1994/010/001.1994.issue-010-en.xml  |z IMF e-Library